Guess the Fusion Rock Song Lyrics #298 - Statistics

General Stats
  • This quiz has been taken 21 times
  • The average score is 72 of 117
Answer Stats
Answer % Correct
a
93%
I
93%
the
93%
And
86%
in
86%
it
79%
me
79%
on
79%
to
79%
when
79%
her
71%
my
71%
say
71%
So
71%
Beatles
64%
for
64%
good
64%
Or
64%
then
64%
there
64%
this
64%
We
64%
girl
57%
had
57%
Isn't
57%
It's
57%
off
57%
once
57%
said
57%
she
57%
She
57%
should
57%
time
57%
told
57%
was
57%
asked
50%
bird
50%
flown
50%
showed
50%
stay
50%
bed
43%
didn't
43%
laugh
43%
noticed
43%
room
43%
sat
43%
sleep
43%
wasn't
43%
alone
36%
anywhere
36%
around
36%
chair
36%
looked
36%
morning
36%
Norwegian
36%
wood
36%
awoke
29%
bath
29%
Biding
29%
crawled
29%
drinking
29%
fire
29%
rug
29%
sit
29%
started
29%
talked
29%
two
29%
until
29%
wine
29%
worked
29%
lit
21%
No matching quizzes found
Score Distribution
Percent of People with Each Score
Percentile by Number Answered
Your Score History
You have not taken this quiz